Nezačnite podnikať skôr, ako pochopíte, ako sa ľudia rozhodujú názor alebo skôr odporúčanie

Začínajúci podnikatelia a prehľad faktov, ktoré môžu viesť k správnemu rozhodnutiu. Pozorné sledovanie a pomenovanie požiadaviek - sila ľudského slova. Vedomie o rozhodovacích procesoch ľudí a základné koncepty ľudského uvažovania. Príklady.

Enregistré dans:
Détails bibliographiques
Auteur principal: Uriga, Ján
Format: Chapitre de livre
Langue:slovaque
Sujets:
Tags: Ajouter un tag
Pas de tags, Soyez le premier à ajouter un tag!

MARC

LEADER 00000naa a2200000 4500
001 0213994
005 20230912114946.4
041 0 |a slo 
044 |a SK 
245 1 0 |a Nezačnite podnikať skôr, ako pochopíte, ako sa ľudia rozhodujú  |b názor alebo skôr odporúčanie  |c Ján Uriga 
520 |a Začínajúci podnikatelia a prehľad faktov, ktoré môžu viesť k správnemu rozhodnutiu. Pozorné sledovanie a pomenovanie požiadaviek - sila ľudského slova. Vedomie o rozhodovacích procesoch ľudí a základné koncepty ľudského uvažovania. Príklady. 
610 2 0 |a podnikanie 
610 2 0 |a podnikatelia 
610 2 0 |a stratégia podnikateľská 
610 2 0 |a rozhodovanie 
610 2 0 |a komunikácia firemná 
610 2 0 |a zámery podnikateľské 
610 2 0 |a efektívnosť podnikania 
100 1 |a Uriga, Ján